000
00288nam a2200121Ia 4500
008
231106s2014 xx 000 0 und d
041
_a
eng
082
_a
751.4
100
_a
SAM PIYASENA
245
_a
THE KEW BOOK OF BOTANICAL ILLUSTRATION
260
_b
BARRONS
_c
2014
300
_a
H-159
999
_c
920164
_d
920164